Saudi Arabia Cities - Sudden Death - Statistics

General Stats
  • This quiz has been taken 309 times
  • The average score is 7 of 15
Answers on the Grid
Answers color-coded by a green-red scale on the quiz's grid according to % correct below.
Ta'if
Yanbu
Abu Dhabi
Makkah
Riyadh
Tabriz
Nicosia
Muscat
Jeddah
Isfahan
Tabouk
Karaman
Najran
Aleppo
Hafar al-Batin
Mecca
Najaf
Port-au-Prince
Arequipa
Khobar
Manama
Adana
Buraidah
Asmara
Hofuf
Izmir
Medina
Jubail
Surat
Reno
Arar
Nagpur
 
Answer Stats
Answer % Correct
Riyadh
90%
Jeddah
81%
Mecca
75%
Medina
69%
Makkah
60%
Ta'if
54%
Hafar al-Batin
36%
Najran
35%
Tabouk
34%
Buraidah
30%
Jubail
30%
Khobar
29%
Hofuf
28%
Arar
26%
Yanbu
25%
No matching quizzes found
Score Distribution
Percent of People with Each Score
Percentile by Number Answered
Your Score History
You have not taken this quiz